00689cam a22002177a 4500003000500000005001700005008004100022010000900063011000900072035000900081040000900090110008400099245008700183260004900270300000900319490002600328650005100354650002100405700001900426830002600445CHAP20220817041010.0971013s1980 r 00010 d a4255 a5227 a4434 cCHAP aCommonwealth Scientific and Industrial Research Organization. Division of Soils12aA computer program to process field data collected with the neutron moisture meter aMelbourne :bCSIRO. Division of Soils,c1980 a31 p 0aTechnical paperv; 4214aProcesamiento automático de datos en suelos.14aSuelosxHumedad.0 aHignett, C. T.0 aTechnical paperv; 42